00349nam a2200133Ia 4500003000900000008004100009040001300050040001300063100001500076245009600091260001400187300000800201490000600209IT-RoPAU120407s9999 xx 000 0 und d aIT-RoPAU cIT-RoPAU aHarvey Cox aLa città secolare. La morte di Dio nella tecnopoli: la Bibbia nella civiltà industriale aVallecchi c cm v1